000
00444nam a22001577a 4500
003
OSt
005
20120302150646.0
008
090729t xxu||||| |||| 00| 0 eng d
035
_a
९६०४
040
_c
मराठी
100
_a
गडकर, गजेंद्र
_9
7760
222
_a
कलावंत / कलाकार
245
_a
गुणी कलावंत
300
_b
८५ पाने
942
_2
ddc
_c
BOOK
999
_c
492693
_d
492690